[Event "South Wales New Year Major"]
[Site "Bridgend"]
[Date "2020.01.05"]
[Round "5.1"]
[White "Teague, David"]
[Black "Harding, Gareth"]
[Result "1-0"]
[WhiteElo "1742"]
[BlackElo "1557"]
[Annotator "kemen"]
[PlyCount "55"]
[EventDate "2020.01.??"]
[EventType "swiss"]
[EventRounds "5"]
[EventCountry "WLS"]

{[%evp 0,15,72,36,13,35,37,-24,9,3,16,-10,26,-2,18,31,37,16]} 1. e4 e6 2. d3 d5
3. Nd2 (3. Qe2 {alternative}) 3... c5 4. Ngf3 Nc6 5. g3 Nge7 (5... Nf6 {main})
6. Bg2 Ng6 {aiming to control e5 lest Wh gets his pawn there} (6... g6 {main})
7. O-O d4 (7... Be7) (7... Bd6) 8. Re1 (8. a4 {anticipating that Bl will go e5,
& getting a King's Indian Defence with several extra moves ( The R is needed
then on the f file to support f4)}) 8... e5 9. Nf1 Bd6 (9... Be7 10. h4 h5 11.
N1h2 Be6 12. a3 Qd7 13. Ng5 {Valyi-Botta,HUN ch tm 2011,1-0}) 10. Bd2 (10. h4 {
Komodo13} Be6 11. Ng5 Bd7 12. h5 Nge7 13. h6 gxh6 14. Nh3 (14. Nf3 $11) 14...
Qc8 15. Qh5 Ng6 16. Qxh6 Bf8 {Heinisch-Prato, Leitersdorf regional ch 2013,0-1}
) 10... O-O {perhaps going 0-0-0 is safer} 11. h4 Qc7 12. h5 Nge7 13. h6 g6 14.
Nh4 f5 $6 {opens lines for the Wh B} (14... f6 $11) 15. exf5 Nxf5 16. Bd5+ (16.
Nf3) 16... Kh8 17. Nxf5 Bxf5 18. g4 Bc8 19. Ng3 (19. c3) 19... Qe7 (19... e4 $1
{Komodo13- opens up lines for the Bl pieces against weaknesses in the Wh K
field} 20. Nxe4 Ne5 $17) 20. Ne4 $16 {Bl has wh square problems & a problem bl
B} Bc7 {Wh is unlikely to swap his excellent N for a bad B} (20... Be6) 21. Bg5
$18 Qd7 22. Bf6+ Rxf6 23. Nxf6 Qd6 24. Ne8 Qe7 25. Nxc7 Qxc7 26. Qf3 Qd6 (26...
Qe7) 27. Bxc6 (27. Qf7 {is mate next move}) 27... bxc6 28. Qf7 1-0

[Event "South Wales New Year Major"]
[Site "Bridgend"]
[Date "2020.01.05"]
[Round "5.2"]
[White "Blackmore, Simon"]
[Black "Havard, Gwyn"]
[Result "0-1"]
[WhiteElo "1620"]
[BlackElo "1622"]
[PlyCount "68"]
[EventDate "2020.01.??"]
[EventType "swiss"]
[EventRounds "5"]
[EventCountry "WLS"]

{[%evp 0,11,30,30,28,27,25,17,25,16,58,53,67,65]} 1. d4 Nf6 2. Nf3 e6 3. Bg5 c5
4. e3 Qa5+ (4... Qb6) (4... Be7) 5. c3 Ne4 6. Bh4 (6. Bf4 {Main.}) 6... g5 $5 {
hoping to catch a loose piece on g5, but it can escape with a tempo.} (6... d5)
(6... cxd4 7. exd4 g5 (7... d5) 8. Bg3 Nxg3 9. hxg3 Bg7 10. Nbd2 h6 {
Baginskaite-Jahn, Bunesliga women 1995,0-1.}) 7. Nxg5 (7. Bxg5 $18 {Komodo13.}
Nxg5 8. Nxg5 cxd4 $2 9. Qxd4 Rg8 10. Nxh7) 7... Nxg5 8. Bxg5 Bg7 (8... cxd4 9.
Qxd4 (9. Bf6 {Also.}) 9... Rg8 10. Bh4 $16) 9. Bf4 $18 cxd4 10. exd4 Nc6 11.
Nd2 d5 12. Bd3 Bd7 13. Nb3 (13. Qe2) 13... Qb6 14. Qg4 (14. O-O) 14... Bf6 15.
Qf3 Be7 16. O-O O-O-O {Bl has a little bit of play down the g file, but it
shouldn't be enough for the pawn, as his own K could be vulnerable on the Q
side ( though 0-0 is out of the question).} 17. Rfe1 (17. Rac1 Rhg8 18. c4 $18
{Komodo13.}) 17... h5 18. c4 dxc4 19. Bxc4 Nb4 20. Rec1 Bc6 21. a3 Nd5 22. Be5
(22. Bd2 $18 Nf6 23. Qe2 Rdg8 24. g3 Qc7 25. Bb5 h4 26. Bxc6 bxc6 27. Ba5 (27.
Na5) 27... Qb7 28. Rxc6+ Qxc6 29. Rc1 $18 {Komodo13.}) 22... f6 23. Bxd5 (23.
Bf4 Nxf4 24. Qxf4 e5 25. dxe5 fxe5 26. Qxe5 Bd6 27. Qa5 $16 {Komodo13.}) 23...
Rxd5 24. Bf4 Rf5 25. Qe3 (25. g3 $1 Rxf4 26. Rxc6+ (26. gxf4 Rg8+ 27. Kf1 (27.
Kh1 Bc5 $1 $19) 27... Qb5+ 28. Ke1 Bd6 $11) 26... bxc6 27. gxf4 Rg8+ 28. Kh1
Kc7 29. Re1 $16 {Komodo13.}) 25... Rxf4 26. Qxe6+ (26. Rxc6+ bxc6 27. Qxe6+ Kd8
28. Rc1 Qc7 29. Na5 Ke8 30. Nxc6 Rxd4 $17 {Komodo13.}) (26. Qxf4 Qxb3 $19)
26... Kd8 $19 27. Nc5 Rxd4 (27... Re8) 28. Rc3 Rd6 (28... Qxb2 29. Rcc1 (29.
Rac1 $2 Qxc3) 29... Re8 $19) 29. Qf7 Bd5 30. Qg6 Rg8 31. Qf5 Rxg2+ 32. Kf1 Qb5+
(32... Rg5 33. Qh7 Qxb2 $19 34. Rac1 Bg2+ 35. Kg1 Bf3+ 36. Kf1 Qe2#) 33. Ke1 (
33. Nd3 Qd7 34. Qxd7+ Kxd7 35. h3 Rh2 36. Ke2 Re6+ 37. Kd2 Bf3 $19) 33... Rg1+
34. Kd2 Be4+ (34... Qxb2+) 0-1

[Event "South Wales New Year Major"]
[Site "Bridgend"]
[Date "2020.01.05"]
[Round "5.3"]
[White "Burgoyne, Peter"]
[Black "Dodington, Russell"]
[Result "0-1"]
[WhiteElo "1822"]
[BlackElo "1692"]
[Annotator "kemen"]
[PlyCount "80"]
[EventDate "2020.01.??"]
[EventType "swiss"]
[EventRounds "5"]
[EventCountry "WLS"]

{[%evp 0,9,36,36,35,110,85,49,102,82,86,11]} 1. e4 Nf6 2. e5 Nd5 3. Nc3 (3. d4
{main}) 3... Nb6 (3... Nxc3) 4. d4 d5 (4... d6 {challenging the centre is the
standard practice in the Alekhine}) 5. Nce2 (5. Nf3) (5. f4 {main lines}) 5...
e6 (5... Bg4 6. h3 Bxe2 7. Bxe2 e6 8. Nf3 c5 9. c3 Nc6 10. O-O {
Vesselovsky-Sergeev, CZE ch tm 1998,1/2-1/2}) (5... Bf5 6. Ng3 Bg6 7. h4 h6 8.
h5 Bh7 9. e6 {Gadzala-Zbrzeski,Mazowiec ch tm 2007,1-0}) 6. Ng3 c5 7. c3 Nc6 8.
Nf3 Nd7 {the position has trasposed into 6 games, that reached this position
via a French or a Caro-Kann} 9. Bd3 Qb6 (9... cxd4 10. cxd4 {2.5-0.5}) 10. Ne2
{back to 6822 games mostly via French defence} Be7 (10... cxd4 11. cxd4 f6 {
main}) 11. h4 (11. O-O {main}) 11... h6 (11... cxd4 12. cxd4 Bb4+ 13. Kf1 f6 {
0.5-1.5}) 12. g4 $146 (12. a3 {2-0}) (12. h5 {1-1}) 12... f6 13. exf6 (13. Bg6+
$14) 13... gxf6 14. Nf4 Nf8 15. Rg1 (15. dxc5 Qxc5 16. Be3 Qd6 17. Qb3 Bd7 18.
O-O-O $16 {Komodo13}) 15... Bd7 16. g5 (16. Bg6+ Kd8 17. Bc2 $11 {Komodo13})
16... hxg5 17. hxg5 fxg5 18. Ng6 Nxg6 19. Bxg6+ Kd8 20. Nxg5 Kc7 (20... Kc8 $15
) 21. Bf4+ e5 22. dxe5 Bxg5 (22... Raf8 $15) 23. Rxg5 $2 (23. Bxg5 Nxe5 {
the Bl K is much safer than the Wh one} 24. Qxd5 (24. Bf4 Qd6 25. Qd2 Nf3+ 26.
Ke2 Nxd2 27. Bxd6+ Kxd6 28. Kxd2 Rh2 $17) 24... Nxg6 25. O-O-O Qc6 26. Be3 Rhg8
27. Qf7 Rad8 28. Rg5 Qe6 $17 {Komodo13}) 23... Rh1+ $19 24. Ke2 Rxd1 25. Rxd1
Qxb2+ (25... Rf8 26. Bg3 Kc8 {looks safer & easier to work out}) 26. Rd2 Qb5+
27. Bd3 c4 (27... Qa4) 28. e6+ Kb6 29. Be4 (29. Bf5 Be8 30. Be4 {Komodo13})
29... Bxe6 30. Bxd5 Bxd5 31. Rdxd5 Qb1 32. Be3+ Ka6 $19 33. Rd1 Qe4 34. a4 Qc2+
35. Rd2 Qxc3 36. Rb5 Re8 37. Kf1 Qa1+ (37... Rxe3 38. fxe3 Qxd2) 38. Kg2 Rg8+
39. Kf3 Qxa4 (39... Qh1+) (39... c3) 40. Rdb2 Qxb5 (40... Qd1+ {mate in 8
according to Komodo13, humans prefer simplicity}) 0-1

[Event "South Wales New Year Major"]
[Site "Bridgend"]
[Date "2020.01.05"]
[Round "5.4"]
[White "Borkowski, Andrew"]
[Black "Chung, Daniel"]
[Result "1-0"]
[WhiteElo "1806"]
[BlackElo "1642"]
[Annotator "kemen"]
[PlyCount "65"]
[EventDate "2020.01.??"]
[EventType "swiss"]
[EventRounds "5"]
[EventCountry "WLS"]

1. d4 Nf6 2. Nd2 d5 3. Ngf3 e6 4. Ne5 (4. e3 {main}) 4... Nbd7 5. f4 (5. Ndf3)
5... Be7 (5... c5 6. e3 {2 Wh wins,2 draws, 1 Bl win}) 6. e3 c5 7. c3 Nxe5 $146
8. fxe5 Nd7 9. Nf3 (9. Bd3) 9... c4 (9... f6) 10. Be2 b5 11. b3 Qc7 12. Bb2 f6
13. exf6 Bxf6 (13... Nxf6 $15 {Bl has a little more space}) 14. O-O (14. Ba3
$16 {holds up Bl 0-0}) 14... O-O 15. Qc2 (15. a4 $14) 15... Nb6 (15... e5 $11)
16. e4 Bd7 17. Ba3 Rf7 (17... dxe4 18. Qxe4 Rfc8) 18. e5 Be7 (18... Bd8 {
Komodo13} 19. h4 Be8 20. Ng5 Bxg5 21. hxg5 Rxf1+ 22. Rxf1 Bg6 23. Qd2 Bf5 24.
Bc5 $16) 19. Bxe7 Rxe7 20. Ng5 $18 g6 21. b4 (21. Bg4) 21... Rf8 22. Rxf8+ Kxf8
23. Rf1+ Kg8 24. Bg4 (24. Rf6) (24. h4) 24... Qc8 25. Rf6 {the Bl position is
holed} Qe8 26. h4 Na8 27. Qe2 Nc7 {Bl is defending e6 with everything, but g6
is the one that really needs holding onto} 28. h5 Rg7 29. Qf3 Qe7 (29... h6 30.
Nh3 g5 31. Rxh6 $18) 30. h6 {though a R is quite nice as well} Ne8 31. hxg7
Nxg7 (31... Nxf6 32. exf6 Qf7 (32... Qd6 33. Bxe6+ Bxe6 34. f7+ Kxg7 35. Nxe6+
Qxe6 (35... Kh6 36. Qh3#) 36. f8=Q#)) 32. Rf7 Qe8 33. Qf6 1-0

[Event "South Wales New Year Major"]
[Site "Bridgend"]
[Date "2020.01.05"]
[Round "5.5"]
[White "Wang, Andy"]
[Black "Di-Vetta, Andrew"]
[Result "1/2-1/2"]
[WhiteElo "1438"]
[BlackElo "1835"]
[Annotator "kemen"]
[PlyCount "91"]
[EventDate "2020.01.??"]
[EventType "swiss"]
[EventRounds "5"]
[EventCountry "WLS"]

{[%evp 0,8,19,5,3,-3,19,25,49,42,76]} 1. d4 Nf6 2. Bf4 d6 3. Nf3 g6 4. e3 b6 5.
Nc3 (5. c4) (5. Nbd2) 5... Bb7 6. Bd3 Bg7 7. O-O O-O 8. Re1 (8. e4) 8... Nbd7
9. Qd2 (9. e4 {1-2}) 9... Nh5 10. e4 (10. Bg3) 10... Nxf4 11. Qxf4 e5 $17 12.
Qe3 exd4 13. Nxd4 Ne5 (13... Re8 $17 {Komodo13}) 14. h3 c5 (14... a6) (14...
Re8) 15. Nf3 $11 a6 16. a4 Nxf3+ 17. Qxf3 Qf6 18. Qxf6 Bxf6 19. Nd5 Bxd5 20.
exd5 Bxb2 21. Rab1 Bc3 (21... Bd4 22. c4 $11) 22. Re7 Ba5 (22... b5 23. axb5
axb5 24. Rxb5 Ra2 25. g3 $11 {Komodo13}) 23. Rd7 Rad8 24. Rxd8 Rxd8 25. Bxa6
Re8 26. c4 (26. Bd3) 26... Re4 27. f3 Re5 28. Kf1 h5 29. Rb2 Re1+ 30. Kf2 Ra1
$15 31. Bb5 (31. Re2 $5) 31... Be1+ 32. Ke2 Bc3 33. Rc2 Bd4 34. Kd3 Ra3+ 35.
Ke2 Rb3 36. Rd2 Kg7 37. Rd3 Rb1 38. Rd1 Rxd1 39. Kxd1 {opposite colour Bs will
draw, unless one side has 2 passed pawns, or a very active K} g5 40. Ke2 f5 41.
Bd7 Kf6 42. Be6 Ke5 43. Bd7 Bb2 44. Ke3 Bc1+ 45. Ke2 Kf4 46. Be6 1/2-1/2

[Event "South Wales New Year Major"]
[Site "Bridgend"]
[Date "2020.01.05"]
[Round "5.6"]
[White "Peters, Chris"]
[Black "Probert, Malcolm"]
[Result "1-0"]
[WhiteElo "1542"]
[BlackElo "1584"]
[PlyCount "77"]
[EventDate "2020.01.??"]
[EventType "swiss"]
[EventRounds "5"]
[EventCountry "WLS"]

{[%evp 0,10,32,32,36,36,32,-36,-37,-25,-20,-9,-31]} 1. e4 e6 2. Nf3 d5 3. c3 {
uncommon.} (3. e5) (3. exd5) (3. Nc3) 3... dxe4 4. Qa4+ Bd7 5. Qxe4 Bc6 6. Qc2
$146 (6. Qe2 {Cloud Engines.}) (6. Qe3 {Main.}) 6... Nf6 (6... Bxf3 $15 {
Cloud Engines.}) 7. Be2 Bd6 8. O-O Nbd7 9. d3 $11 (9. d4 $11) 9... h6 (9... e5)
10. Nbd2 (10. Nd4 Nd5 11. Nxc6 bxc6 12. g3 $16 {Stockfish10.}) 10... Nd5 11.
Ne4 (11. Nc4) 11... N7f6 12. Nd4 Bd7 13. Nxd6+ (13. c4 Nxe4 14. dxe4 Nf4 15.
Bxf4 Bxf4 16. Nf3 $14) 13... cxd6 14. Bd2 (14. c4) 14... Rc8 (14... e5) 15. a3
O-O 16. Kh1 e5 17. Nf3 Re8 $15 18. Rae1 Bf5 (18... Ne7) 19. Nh4 Bh7 20. Qd1 Nd7
21. g3 N5f6 22. f4 exf4 (22... d5) 23. gxf4 Nc5 (23... Nd5 24. Ng2 Qb6 25. c4
N5f6 26. b4 d5 27. c5 Qc6 $11 {Stockfish10.}) 24. f5 Nd5 (24... Kh8) 25. Ng2
Qb6 26. Rg1 (26. b4 Nd7 27. c4 N5f6 28. Bc3 Ne5 29. Rf4 $16 {Stockfish10.})
26... Kh8 (26... Qxb2 $19) 27. Bh5 (27. b4 Nd7 28. c4 N5f6 29. Ref1 $14 {
Stockfish10.}) 27... Rf8 (27... Nxd3 $19 {There is a mate threat on f2, which
picks up an exchange.}) 28. Nh4 (28. Be3 Nxe3 29. Nxe3 Qc6+ 30. Rg2 Rce8 31. c4
Nd7 32. Qg4 g6 33. Qd4+ Ne5 34. Bd1 g5 35. Bh5 $14 {Stockfish10.}) 28... Nf6 (
28... Nxd3 $17) 29. Bc1 (29. Be3) 29... Nxh5 (29... Nxd3 30. Qxd3 Nxh5 $15) 30.
Qxh5 Qc6+ 31. Nf3 (31. Rg2) 31... Nxd3 (31... Rg8 32. Rg2 Nxd3 $17 {
Stockfish10.}) 32. Bxh6 {an interesting idea, though flawed.} (32. Rxg7 $1 {
Stockfish10, even though it's only a draw.} Nxe1 (32... Kxg7 33. Qxh6+ Kh8 34.
Qf6+ Kg8 35. Rg1+ Bg6 36. fxg6 Nf2+ 37. Kg2 Ng4 38. Qh4 fxg6 39. Qxg4 $18) 33.
Rxh7+ Kxh7 34. Qxh6+ Kg8 35. Qg5+ Kh7 36. Qh6+ {Perpetual.}) 32... gxh6 $19 (
32... g6 33. Bg7+ Kxg7 34. Ref1 Ne5 $19 {Stockfish10.}) 33. Re3 (33. Ref1 f6 (
33... d5 34. Nd4 Qf6 35. Qf3 Nxb2 36. Qxd5 Na4 $19) 34. Qxh6 Rf7 35. Qe3 Ne5
36. Rg3 Rg8 $19 {Stockfish10.}) 33... Ne5 (33... Qc4 34. h3 Nf2+ 35. Kg2 Ne4
36. Kh2 Rg8 $19 {Stockfish10.}) (33... Qd5 34. Qh4 (34. Qxh6 Nf2+ 35. Kg2 Ng4)
34... f6 $19 {Stockfish10.}) (33... Nf2+ 34. Kg2 Ng4 $19 35. Qxg4 (35. Rd3 Rg8
$19) 35... Rg8 $19 {Stockfish10.}) 34. Qxh6 $18 Ng6 35. fxg6 (35. f6 $1 Rg8 36.
Rg5 Rce8 37. Qxh7+ Kxh7 38. Rh5# {Stockfish10.}) 35... fxg6 36. Rxg6 Rg8 (36...
Rf7 {Holds on longer, though Bl goes 2 pawns down.} 37. Rxd6 Qb5 38. Rd1 Rg8 (
38... Qxb2 39. Qe6 $18) 39. h4 {Stockfish10.}) 37. Rxg8+ Rxg8 38. Qf6+ Rg7 39.
Re7 1-0

[Event "South Wales New Year Major"]
[Site "Bridgend"]
[Date "2020.01.05"]
[Round "5.7"]
[White "Williams, Stephen"]
[Black "Wu, Yuxuan"]
[Result "1-0"]
[WhiteElo "1711"]
[BlackElo "1440"]
[Annotator "kemen"]
[PlyCount "43"]
[EventDate "2020.01.??"]
[EventType "swiss"]
[EventRounds "5"]
[EventCountry "WLS"]

{[%evp 0,18,28,28,28,-21,48,48,36,37,35,33,46,15,21,14,7,6,13,-17,-7]} 1. d4
Nf6 2. c4 g6 3. Nc3 Bg7 4. e4 d6 5. Be2 O-O 6. Be3 (6. Nf3) (6. Bg5 {main lines
}) 6... e5 7. d5 Nbd7 8. Qd2 (8. g4 {scores quite well for Wh}) 8... a5 9. g4 (
9. f3) 9... Nc5 10. f3 Nfd7 (10... Ne8 11. h4 f5 {main}) 11. h4 (11. Nh3 f5 12.
gxf5 gxf5 13. exf5 Nf6 14. Nf2 Bxf5 {S(imon) Williams-Ziska, Hastings Masters
2005,1-0}) 11... Bf6 {provoking the pawn push, but this leaves the Bl K side
near defenceless as the Bl pieces are on the other side of the board} (11... f5
12. g5 {Bl is left without a sensible plan-Knaak} Rf7 13. O-O-O Nf8 14. Nh3 Bd7
15. Qc2 {Gomez Esteban-J Polgar, Pamplona 1990,1-0}) 12. g5 Bg7 13. h5 $16 Re8
14. Nh3 gxh5 15. Nf2 $18 (15. O-O-O $18) 15... Nf8 16. Rxh5 Ng6 17. O-O-O Nd7
18. Ng4 Re7 19. Rdh1 Ndf8 20. Nf6+ Kh8 (20... Bxf6 21. gxf6 Rd7 22. Rg1 Qxf6
23. f4 Kh8 24. f5 Nf4 25. Bxf4 exf4 26. Qxf4 Re7 27. Qg3 {and the g file wins
for Wh}) 21. Rxh7+ Nxh7 22. Rxh7# 1-0

[Event "South Wales New Year Major"]
[Site "Bridgend"]
[Date "2020.01.05"]
[Round "5.8"]
[White "Chwieseni, Edd"]
[Black "Hurn, Bob"]
[Result "1-0"]
[WhiteElo "1615"]
[BlackElo "1697"]
[Annotator "kemen"]
[PlyCount "91"]
[EventDate "2020.01.??"]
[EventType "swiss"]
[EventRounds "5"]
[EventCountry "WLS"]

{[%evp 0,16,30,30,109,77,111,65,48,41,64,40,41,46,44,31,25,27,27]} 1. e4 c5 2.
Nf3 d6 3. Bb5+ Bd7 4. Bxd7+ Qxd7 5. O-O Nf6 6. d3 (6. Re1) (6. Qe2) (6. e5)
6... Nc6 7. Nc3 e6 (7... g6) 8. a4 $146 (8. Bg5) (8. Re1) 8... Be7 9. Re1 O-O
10. Bf4 Nh5 11. Bg5 (11. Be3 $5) 11... Bxg5 12. Nxg5 Nf6 13. f4 h6 14. Nf3 a6
$11 15. Nh4 Nd4 16. Nf3 b5 (16... Qc7) 17. axb5 (17. e5) 17... Nxf3+ (17...
axb5 $15) 18. Qxf3 $16 axb5 19. Rxa8 Rxa8 20. e5 $18 Nd5 21. Nxd5 exd5 22. Qxd5
Re8 23. Re4 Qg4 24. Kf2 (24. exd6 $1 $18 {Komodo13}) 24... Qh4+ 25. Kg1 Qg4 (
25... dxe5) 26. h3 Qd1+ 27. Kh2 dxe5 28. Rxe5 (28. Qxc5 $1 $18 {Komodo13})
28... Rxe5 29. Qxe5 Qxc2 $11 30. Qe8+ Kh7 31. Qxb5 Qd2 (31... Qf2 32. Qb8 h5
$11) 32. Qc4 (32. Qxc5 $16) 32... Qxb2 33. Qxc5 $16 {an extra pawn is much
clearer in a Q ending rather than with Rs , as the Q can push her pawn forward}
Qb8 34. Qf5+ Kg8 35. d4 g5 36. Qe5 Qd8 37. fxg5 hxg5 38. d5 $18 f6 39. Qe6+ Kg7
40. d6 Qb8 41. Qe7+ Kg6 42. Qc7 {controlling the diagonal leading to the Wh K,
so avoiding any Bl hopes of a perpetual} Qh8 43. d7 g4 44. d8=Q Qh6 45. Qg8+
Kf5 46. Qxg4# 1-0

[Event "South Wales New Year Major"]
[Site "Bridgend"]
[Date "2020.01.05"]
[Round "5.9"]
[White "Parri, Deio"]
[Black "Loog, Tiiu"]
[Result "1/2-1/2"]
[WhiteElo "1622"]
[BlackElo "1398"]
[Annotator "kemen"]
[PlyCount "46"]
[EventDate "2020.01.??"]
[EventType "swiss"]
[EventRounds "5"]
[EventCountry "WLS"]

{[%evp 0,9,30,19,29,-14,24,23,16,33,78,66]} 1. d4 d5 2. c4 c6 3. Nc3 e6 4. e3
a6 (4... Nf6) 5. Nf3 Nd7 6. Bd3 Ngf6 7. O-O Be7 (7... dxc4) (7... Bd6) 8. Qc2
dxc4 9. Bxc4 h6 (9... b5 {main} 10. Bd3 c5) 10. b3 (10. e4 $16 {Komodo13})
10... Nb6 11. Bd3 Nbd5 12. Bb2 (12. a3 {preserves the 2 Bs}) 12... Nb4 13. Qe2
Nxd3 14. Qxd3 O-O 15. Rfd1 (15. Ne5) 15... Qc7 16. Rac1 b5 {risky as it leaves
the c pawn behind} (16... Rd8 $11) 17. a3 (17. Ne4 $16) 17... Bb7 18. b4 {
gives Bl a target as well} (18. Ne4) 18... Rad8 (18... a5 19. Nxb5 Qb8 20. Nc3
axb4 21. axb4 Bxb4 $11 {Komodo13}) 19. Qe2 Nd5 (19... a5 $11) 20. Rc2 Nxc3 21.
Rxc3 Bf6 22. Rc2 Qe7 23. Rcd2 Rd7 (23... Rd7 24. Ne1 Rdd8 25. Nd3 Qc7 26. Nc5
$16) 1/2-1/2

[Event "South Wales New Year Major"]
[Site "Bridgend"]
[Date "2020.01.05"]
[Round "5.10"]
[White "Owen, Bob"]
[Black "Davies, Milo"]
[Result "0-1"]
[WhiteElo "1303"]
[BlackElo "1391"]
[Annotator "kemen"]
[PlyCount "112"]
[EventDate "2020.01.??"]
[EventType "swiss"]
[EventRounds "5"]
[EventCountry "WLS"]

{[%evp 0,8,30,19,29,-74,-36,-8,13,-5,6]} 1. d4 d5 2. f4 e6 3. e3 a6 (3... Nf6)
4. Bd3 c5 5. c3 Nc6 6. Nf3 Bd6 7. O-O Nf6 8. Nbd2 O-O 9. Ne5 Nd7 10. Ndf3 f6
11. Nxc6 (11. Ng4 e5 12. e4 dxe4 13. Bxe4 exf4 14. dxc5 Nxc5 15. Bd5+ Kh8 16.
Nd4 Nxd4 17. cxd4 Ne6 {Torrillas Tostado-Martin Perez, Roncana ch, Santa
Eulalia de Roncana 2008,0-1}) 11... bxc6 12. Qc2 f5 13. Qf2 cxd4 14. Nxd4 (14.
exd4 {looks a better pawn structure for Wh}) 14... Nb8 (14... Nc5 $17) 15. Nf3
(15. c4 $11) 15... Nd7 16. b3 Nf6 17. h3 Bb7 18. Bb2 Be7 (18... Ne4) 19. a4 Ne4
20. Bxe4 fxe4 21. Nh2 (21. Ne5) 21... Bh4 (21... e5 $17 {Komodo13}) 22. g3 Bf6
23. Qg2 Qb6 $15 24. Ng4 Qxb3 25. Nxf6+ (25. Ba3 Rf7 26. Rfb1 Qc4 27. Bd6 c5 $11
{Komodo13}) 25... Rxf6 $17 26. Ra3 Qc4 27. Rd1 c5 (27... e5 $19 28. fxe5 Rf3 {
Komodo13}) 28. Qc2 Rf7 (28... d4 $19) (28... Bc6 $19) 29. Kf2 Bc6 30. Qe2 Qxe2+
31. Kxe2 c4 {freezes the pawn structure, best to keep on d4 as an option} (
31... Rb8 $19) 32. a5 Rb8 33. Rd2 Rfb7 $19 (33... e5 $19 {Komodo13}) 34. Ba1
Rb1 35. Kf2 R1b5 (35... Rh1 {the Bl Rs are better than the Wh ones} 36. Kg2
Rbb1 37. Bb2 Rbg1+ 38. Kf2 Rh2+ 39. Kxg1 Rxd2 40. Ba1 Re2 $19 {Komodo13}) (
35... R8b3) 36. Raa2 Kf7 37. Rdb2 Ke7 38. Rxb5 Rxb5 39. Rb2 Rxa5 $19 40. Rb6
Rxa1 (40... Ra2+ $1 41. Rb2 (41. Bb2 Bb5) (41. Ke1 Rxa1+) 41... Rxa1 $19) 41.
Rxc6 Kd7 42. Rb6 Ke7 (42... Ra3 $19 {attack weak pawns, rather than defending
one's own.It liberates the Bl c pawn as far more dangerous than the a pawn})
43. g4 Kf6 44. g5+ Kf5 45. Rb7 Kg6 (45... Ra2+ 46. Kg3 (46. Kf1 Rh2) 46... Re2
47. Rxg7 Rxe3+ 48. Kh2 (48. Kf2 Rxh3) 48... Kxf4 $19 {Komodo13, same priciple
as previous note}) 46. Re7 a5 47. Rxe6+ Kf7 48. Rd6 a4 {the a pawn is too slow
& the Bl R is in front of it- not the best place to be} 49. Rxd5 a3 50. Ra5 a2
51. h4 $2 {having pulled back from the brink, Wh should still suffer a disaster
} (51. Kg2 {has to be played} g6 $11) 51... Kg6 ({is a standard resorce for Bl
} 51... Rh1 $19 52. Rxa2 Rh2+ 53. Kg3 Rxa2) 52. f5+ Kh5 53. f6 $2 (53. Kg2 Rb1
54. Rxa2 Kxh4 $11) 53... gxf6 54. gxf6+ Kg6 $19 55. Ra6 Rh1 {Bl sees it} 56.
Kg2 a1=Q 0-1

[Event "South Wales New Year Major"]
[Site "Bridgend"]
[Date "2020.01.05"]
[Round "5.11"]
[White "Williams, David"]
[Black "Penny, Liam"]
[Result "0-1"]
[WhiteElo "1651"]
[BlackElo "1739"]
[Annotator "kemen"]
[PlyCount "94"]
[EventDate "2020.01.??"]
[EventType "swiss"]
[EventRounds "5"]
[EventCountry "WLS"]

{[%evp 0,15,27,25,26,23,43,48,62,39,65,36,29,40,26,0,27,-60]} 1. e4 d5 2. exd5
Nf6 3. d4 Bg4 4. Be2 (4. f3 {lots of theory}) 4... Bxe2 5. Qxe2 (5. Nxe2 Qxd5
6. O-O) 5... Qxd5 6. Nf3 e6 7. O-O Nc6 8. c4 (8. Nc3 Qh5 (8... Nxd4 9. Nxd4
Qxd4 10. Qb5+) 9. Bf4 O-O-O) 8... Nxd4 9. Nxd4 Qxd4 {the line favours Bl} 10.
Be3 (10. Rd1 Qg4) 10... Qh4 11. c5 $146 (11. Nd2 Bd6 12. Nf3 Qh5 {1-2}) 11...
c6 $17 12. Nc3 Be7 13. Rad1 O-O 14. a3 Rad8 15. b4 Nd5 16. Nxd5 Rxd5 17. Rxd5
exd5 18. Rd1 (18. Bd4) 18... Bf6 $19 {Bl is a protected passed pawn up} 19. Bc1
Rd8 20. Rd3 (20. Re1) 20... Qc4 21. Bd2 Kf8 22. Re3 Qxe2 23. Rxe2 Re8 24. Kf1
Rxe2 (24... Re4) 25. Kxe2 Ke7 26. Kd3 Ke6 27. g4 b5 28. cxb6 axb6 29. a4 c5 30.
a5 c4+ (30... bxa5) 31. Kc2 bxa5 32. bxa5 Kd7 {Wh's isolated pawn will be lost,
while Bl's connected pawns are safe} 33. g5 Bd8 34. a6 Bb6 35. Be3 d4 (35...
Bxe3 36. fxe3 Kc6 37. Kc3 Kb6 38. e4 dxe4 39. Kxc4 f5 $19 {may be simplest})
36. Bf4 Ba7 (36... Kc6 37. Bb8 d3+ 38. Kc1 Bxf2 39. a7 Kb7 {the a pawn is no
danger}) 37. f3 Kc6 38. Kb2 Kb5 39. Ka3 Bc5+ 40. Kb2 Kxa6 41. h4 g6 42. Kc2 Kb5
43. Bg3 d3+ 44. Kd1 c3 45. Be5 Kc4 (45... c2+) 46. Ke1 c2 47. Kd2 Be3+ (47...
Bb4+) 0-1

[Event "South Wales New Year Major"]
[Site "Bridgend"]
[Date "2020.01.05"]
[Round "5.12"]
[White "Mason, Ed"]
[Black "Abraham, Ian"]
[Result "1/2-1/2"]
[WhiteElo "1490"]
[BlackElo "1515"]
[Annotator "kemen"]
[PlyCount "31"]
[EventDate "2020.01.??"]
[EventType "swiss"]
[EventRounds "5"]
[EventCountry "WLS"]

{[%evp 0,12,33,33,23,48,68,9,-1,-30,-30,-4,-7,-24,-8]} 1. e4 Nc6 2. d4 d5 3.
exd5 (3. e5) 3... Qxd5 4. Be3 (4. Nf3 {main}) 4... e5 5. Nc3 Bb4 6. dxe5 (6. a3
) 6... Bxc3+ (6... Qxe5 {main}) 7. bxc3 Qxe5 8. Qe2 (8. Qd2) 8... Nge7 9. Bd4
Qxe2+ (9... Qa5 10. Qb5 O-O 11. Qxa5 Nxa5 12. Bd3 Bf5 13. Ne2 Bxd3 14. cxd3
Rad8 15. O-O-O {Grm-Tomazini, Slovenske Konjice op 2007,1/2-1/2}) 10. Bxe2 O-O
11. Bf3 Bf5 12. Rc1 (12. O-O-O) 12... Be6 13. Ra1 Bc4 14. Be2 Bxe2 15. Nxe2 Nf5
16. O-O 1/2-1/2